Противодействие мошенничеству, совершаемому с использованием информационно-телекоммуникационных технологий (Запись № 13653427)

Подробности
000 -МАРКЕР
контрольное поле 03382nam0a2200397 4500
001 - ИДЕНТИФИКАТОР ЗАПИСИ
контрольное поле RU\NLR\BIBL_A\022710161
005 - ИДЕНТИФИКАТОР ВЕРСИИ
контрольное поле 20260412094905.0
010 ## - МЕЖДУНАРОДНЫЙ СТАНДАРТНЫЙ НОМЕР КНИГИ (ISBN)
Номер (ISBN) 978-5-908069-00-7
Тираж 59
035 ## - ДРУГИЕ СИСТЕМНЫЕ НОМЕРА
Идентификатор записи (NLR Aleph) 022710161
100 ## - ДАННЫЕ ОБЩЕЙ ОБРАБОТКИ
Данные общей обработки 20260128d2025 u y0rusy50 ca
101 0# - ЯЗЫК РЕСУРСА
Язык текста, звукозаписи и т.д. русский
102 ## - СТРАНА ПУБЛИКАЦИИ ИЛИ ПРОИЗВОДСТВА
Страна публикации российская федерация
105 ## - ПОЛЕ КОДИРОВАННЫХ ДАННЫХ: ТЕКСТОВЫЕ МАТЕРИАЛЫ, МОНОГРАФИЧЕСКИЕ
Кодированные данные о монографическом текстовом документе a j 010yy
181 #0 - ПОЛЕ КОДИРОВАННЫХ ДАННЫХ: ВИД СОДЕРЖАНИЯ
Код вида содержания (ISBD) i3
Код характеристики содержания (ISBD) axxe
182 #0 - ПОЛЕ КОДИРОВАННЫХ ДАННЫХ: ТИП СРЕДСТВА
Код типа средства (ISBD) n - непосредственное
200 1# - ЗАГЛАВИЕ И СВЕДЕНИЯ ОБ ОТВЕТСТВЕННОСТИ
Основное заглавие Противодействие мошенничеству, совершаемому с использованием информационно-телекоммуникационных технологий
Сведения, относящиеся к заглавию учебное пособие
-- для курсантов и слушателей образовательных организаций системы МВД России, обучающихся по специальностям 40.05.01 Правовое обеспечение национальной безопасности и 40.05.02 Правоохранительная деятельность, направлениям подготовки 40.03.01 Юриспруденция, 40.03.02 Обеспечение законности и правопорядка
Первые сведения об ответственности Н. В. Голубых, кандидат юридических наук, доцент, А. П. Леонов, кандидат юридических наук, К. С. Малышев [и др.]
Последующие сведения об ответственности Федеральное государственное казенное образовательное учреждение высшего образования "Уральский юридический институт Министерства внутренних дел Российской Федерации"
203 ## - ВИД СОДЕРЖАНИЯ И ТИП СРЕДСТВА
Вид содержания Текст
Дополнительные сведения об издании визуальный
Тип средства непосредственный
210 ## - ПУБЛИКАЦИЯ, РАСПРОСТРАНЕНИЕ И ДР.
Место издания, распространения и т.д. Екатеринбург
Имя издателя, распространителя и т. д. Уральский юридический институт МВД России
Дата издания, распространения и т.д. 2025
215 ## - ФИЗИЧЕСКАЯ ХАРАКТЕРИСТИКА
Специфическое обозначение материала и объем 99 с.
Другие сведения о физической характеристике ил., табл.
Размеры 20
300 ## - ОБЩИЕ ПРИМЕЧАНИЯ
Текст примечания Авт. указаны на обороте тит. с.
300 ## - ОБЩИЕ ПРИМЕЧАНИЯ
Текст примечания На обл.: Победа! 80
320 ## - ПРИМЕЧАНИЯ О НАЛИЧИИ В ДОКУМЕНТЕ БИБЛИОГРАФИИ / УКАЗАТЕЛЯ
Текст примечания Библиогр.: с. 74-76 и в подстроч. примеч.
606 1# - НАИМЕНОВАНИЕ ТЕМЫ КАК ПРЕДМЕТ
Наименование темы Преступления, совершаемые с использованием информационных технологий
Формальный подзаголовок Учебные издания для высших учебных заведений
Тематический подзаголовок Борьба с ними
Системный номер авторитетной/нормативной записи 2459540
Идентификатор авторитетной/нормативной записи RU\NLR\AUTH\6601679105
606 1# - НАИМЕНОВАНИЕ ТЕМЫ КАК ПРЕДМЕТ
Наименование темы Мошенничество в сфере компьютерной информации
Формальный подзаголовок Учебные издания для высших учебных заведений
Тематический подзаголовок Расследование
Географический подзаголовок Российская Федерация
Системный номер авторитетной/нормативной записи 2432860
Идентификатор авторитетной/нормативной записи RU\NLR\AUTH\6601666104
686 1# - ИНДЕКСЫ ДРУГИХ КЛАССИФИКАЦИЙ
Индекс Х628.322я73
686 1# - ИНДЕКСЫ ДРУГИХ КЛАССИФИКАЦИЙ
Индекс Х629.431.54я73
701 #1 - ИМЯ ЛИЦА - АЛЬТЕРНАТИВНАЯ ОТВЕТСТВЕННОСТЬ
Начальный элемент ввода Голубых
Часть имени, кроме начального элемента ввода Н. В.
Расширение инициалов личного имени Никита Владимирович
701 #1 - ИМЯ ЛИЦА - АЛЬТЕРНАТИВНАЯ ОТВЕТСТВЕННОСТЬ
Начальный элемент ввода Леонов
Часть имени, кроме начального элемента ввода А. П.
Дополнения к именам, кроме дат канд. юрид. наук, информ. технологии
Расширение инициалов личного имени Александр Петрович
Системный номер авторитетной/нормативной записи 255035
Идентификатор авторитетной/нормативной записи RU\NLR\AUTH\770255091
701 #1 - ИМЯ ЛИЦА - АЛЬТЕРНАТИВНАЯ ОТВЕТСТВЕННОСТЬ
Начальный элемент ввода Малышев
Часть имени, кроме начального элемента ввода К. С.
Расширение инициалов личного имени Константин Сергеевич
712 02 - НАИМЕНОВАНИЕ ОРГАНИЗАЦИИ - ВТОРИЧНАЯ ОТВЕТСТВЕННОСТЬ
Код отношения Издающая организация
Начальный элемент ввода Уральский юридический институт
Идентифицирующий признак Екатеринбург
Системный номер авторитетной/нормативной записи 483722
Идентификатор авторитетной/нормативной записи RU\NLR\AUTH\889993612
942 ## - ДОПОЛНИТЕЛЬНЫЕ ЭЛЕМЕНТЫ ЗАПИСИ (АБИС)
Тип экземпляра АБИС Книга
980 ## - КОЛЛЕКЦИЯ
Название коллекции Национальная библиография

Нет доступных экземпляров.